Berbudi mulia dan berdikari

Bibliographic Details
Main Author: Muhammad Ismail Ahmad
Format: Book
Published: Selangor : Penerbit orkid , 2005
Series:Siri pendidikan sivik dan moral
Subjects:

MARC

LEADER 00000cam a2200000 7i4500
001 0000004891
005 20151222.0
008 070806
020 |a 9838914045 
020 |a 983891410X(set) 
090 0 0 |a MOR MAL 
100 0 |a Muhammad Ismail Ahmad 
245 1 0 |a Berbudi mulia dan berdikari   |c Muhammad Ismail Ahmad 
260 |a Selangor :   |b Penerbit orkid ,   |c 2005 
440 |a Siri pendidikan sivik dan moral 
500 |a Children ages 10-12 years old (pink) 
650 0 |a Malay 
650 0 |a Moral education   |x ethics-juvenile literature 
999 |a 0000905503   |b Book   |c Teenagers   |e Cawangan Bandar Tenggara 
999 |a 0000905504   |b Book   |c Teenagers   |e Cawangan Bandar Tenggara 
999 |a 0000921003   |b Book   |c Children Collection   |e Cawangan Bukit Gambir 
999 |a 0000921004   |b Book   |c Children Collection   |e Cawangan Bukit Gambir 
999 |a 0000921005   |b Book   |c Children Collection   |e Cawangan Bukit Gambir 
999 |a 0000932046   |b Book   |c Children Collection   |e Cawangan Tangkak 
999 |a 0000932047   |b Book   |c Children Collection   |e Cawangan Tangkak 
999 |a 0000976340   |b Book   |c Children Collection   |e Cawangan Bandar Tenggara 
999 |a 0000976341   |b Book   |c Children Collection   |e Cawangan Bandar Tenggara 
999 |a 0000976342   |b Book   |c Children Collection   |e Perbadanan Perpustakaan Awam Johor 
999 |a 0000976343   |b Book   |c Children Collection   |e Perbadanan Perpustakaan Awam Johor 
999 |a 0000976344   |b Book   |c Children Collection   |e Perbadanan Perpustakaan Awam Johor 
999 |a 0001041809   |b Book   |c Children Collection   |e Cawangan Kota Tinggi